[Event "Eurathlon, Men's section"]
[Site "Athens"]
[Date "1997.11.21"]
[Round "1"]
[White "Baumegger, Siegfried"]
[Black "Geenen, Marc"]
[Result "1/2-1/2"]
[WhiteElo "2485"]
[BlackElo "2325"]
[WhiteTitle "FM"]
[BlackTitle "FM"]
[Source "chess.gr"]

1. d4 Nf6 2. Nf3 g6 3. Bg5 Bg7 4. Nbd2 c5 5. Bxf6 Bxf6 6. Ne4 Qb6 7. Nxf6+
Qxf6 8. e3 d6 9. Bb5+ Bd7 10. Qe2 cxd4 11. exd4 a6 12. Bxd7+ Nxd7 13. O-O O-O
14. Rfe1 Rfe8 15. Qe4 Qf5 16. Qxf5 gxf5 17. c3 Nf6 18. Re2 e6 19. a4 b5 20. Nd2
Reb8 21. f3 d5 22. b4 a5 23. axb5 axb4 24. Rxa8 Rxa8 25. cxb4 Ra2 26. b6 Nd7
27. b7 Ra7 28. Nb3 Rxb7 29. Nc5 Nxc5 30. bxc5 Kf8 31. Kf2 Ke7 32. Ke3 Rb4
33. Rd2 Rc4 34. f4 f6 35. Kd3 e5 36. fxe5 fxe5 37. dxe5 Ke6 1/2-1/2

[Event "Eurathlon, Men's section"]
[Site "Athens"]
[Date "1997.11.21"]
[Round "2"]
[White "Geenen, Marc"]
[Black "David, Alberto"]
[Result "0-1"]
[WhiteElo "2325"]
[BlackElo "2460"]
[WhiteTitle "FM"]
[BlackTitle "IM"]
[Source "chess.gr"]

1. e4 c5 2. Nf3 d6 3. d4 cxd4 4. Nxd4 Nf6 5. Nc3 g6 6. Be3 Bg7 7. f3 O-O
8. Qd2 Nc6 9. Bc4 Bd7 10. O-O-O Rc8 11. Bb3 Ne5 12. g4 b5 13. g5 Nh5 14. Ncxb5
Bxb5 15. Nxb5 Nxf3 16. Qe2 Ne5 17. Nxa7 Rb8 18. Nb5 Qd7 19. Nc3 Rfc8 20. Nd5
Qb7 21. Bd4 e6 22. Nc3 Qb4 23. a3 Qa5 24. Kb1 Nf4 25. Qf1 Nh5 26. Qe2 Bf8
27. Rhf1 Nc6 28. Be3 Bg7 29. Bd2 Nd4 30. Qf2 Qe5 31. Ba2 Nxc2 32. Rc1 Nxa3+
33. Ka1 Nc4 34. Be1 Nxb2 35. Qxb2 Rxc3 36. Kb1 Qxe4+ 37. Ka1 Rxc1+ 38. Bb1
Qxb1# 0-1

[Event "Eurathlon, Men's section"]
[Site "Athens"]
[Date "1997.11.21"]
[Round "3"]
[White "Bönsch, Uwe"]
[Black "Geenen, Marc"]
[Result "1/2-1/2"]
[WhiteElo "2540"]
[BlackElo "2325"]
[WhiteTitle "GM"]
[BlackTitle "FM"]
[Source "chess.gr"]

1. d4 Nf6 2. c4 g6 3. Nc3 Bg7 4. e4 d6 5. Be2 O-O 6. Bg5 Na6 7. Nf3 h6 8. Be3
e5 9. O-O Qe8 10. dxe5 dxe5 11. Nd2 b6 12. Nd5 Nd7 13. c5 c6 14. Bxa6 cxd5
15. Bxc8 Rxc8 16. exd5 Nxc5 17. Rc1 e4 18. b4 Nd3 19. Rxc8 Qxc8 20. Nxe4 Qc4
21. Qf3 f5 22. Nd2 Qxa2 23. d6 f4 24. Bd4 Qxd2 25. Qd5+ Kh7 26. Qb7 Rg8 27. d7
Rd8 28. Bxg7 Nxb4 29. Be5 Qxd7 30. Qe4 Nd3 31. Rd1 Qd5 32. Qe2 Re8 33. Qxd3
Qxd3 34. Rxd3 Rxe5 35. Rd7+ Kg8 36. Kf1 Ra5 37. Ke2 Ra3 38. h4 h5 39. Rd4 Kf7
40. Rxf4+ Ke6 41. g4 hxg4 42. Rxg4 Kf5 43. Rg5+ Kf6 44. Rd5 Ra4 45. Rd6+ Kf5
46. Rd7 a5 47. Rb7 Rb4 48. Kf3 1/2-1/2

[Event "Eurathlon, Men's section"]
[Site "Athens"]
[Date "1997.11.21"]
[Round "4"]
[White "Geenen, Marc"]
[Black "Tella, Jussi"]
[Result "0-1"]
[WhiteElo "2325"]
[BlackElo "2375"]
[WhiteTitle "FM"]
[BlackTitle "FM"]
[Source "chess.gr"]

1. e4 c5 2. Nf3 d6 3. d4 cxd4 4. Nxd4 Nf6 5. Nc3 Nc6 6. Be3 e6 7. f4 Be7
8. Qf3 O-O 9. O-O-O Qc7 10. Ndb5 Qb8 11. g4 a6 12. Nd4 Nxd4 13. Bxd4 e5 14. g5
Nd7 15. Nd5 Bd8 16. Be3 exf4 17. Bxf4 Ne5 18. Bxe5 dxe5 19. Qh5 Qa7 20. Bc4 Be6
21. Rhg1 Kh8 22. Rg3 b5 23. Bb3 a5 24. a3 Rc8 25. Kb1 a4 26. Ba2 Qf2 27. c3 Rg8
28. Rf3 Qe2 29. Kc1 Bxg5+ 30. Qxg5 Qxf3 31. Rg1 Qxe4 32. Rd1 Bf5 33. Kd2 Rgd8
34. c4 bxc4 35. Kc3 Qc2+ 36. Kb4 Rb8+ 37. Kc5 Qxd1 38. Bxc4 Qd4+ 39. Kc6 Qxc4#
0-1

[Event "Eurathlon, Men's section"]
[Site "Athens"]
[Date "1997.11.21"]
[Round "5"]
[White "San Segundo Carrillo, Pablo"]
[Black "Geenen, Marc"]
[Result "1-0"]
[WhiteElo "2495"]
[BlackElo "2325"]
[WhiteTitle "GM"]
[BlackTitle "FM"]
[Source "chess.gr"]

1. Nf3 Nc6 2. g3 e5 3. d3 d5 4. Bg2 Nf6 5. O-O Be7 6. c3 a5 7. Qc2 O-O 8. Nbd2
b6 9. b3 Bb7 10. Bb2 Re8 11. e4 d4 12. cxd4 Nxd4 13. Qd1 Nxf3+ 14. Nxf3 Bd6
15. Qc2 c5 16. a4 Nd7 17. Nd2 Nb8 18. Nc4 Nc6 19. Rae1 Bc7 20. Re3 Ba6 21. Kh1
Nd4 22. Qd1 Rb8 23. f4 f6 24. Bh3 b5 25. axb5 Rxb5 26. Qh5 Rxb3 27. Bxd4 cxd4
28. Bf5 Bxc4 29. Bxh7+ 1-0

[Event "Eurathlon, Men's section"]
[Site "Athens"]
[Date "1997.11.22"]
[Round "6"]
[White "Geenen, Marc"]
[Black "Ryan, Joseph Diarmuid"]
[Result "0-1"]
[WhiteElo "2325"]
[BlackElo "2245"]
[WhiteTitle "FM"]
[Source "chess.gr"]

1. e4 e6 2. d4 d5 3. Nd2 Nf6 4. e5 Nfd7 5. c3 c5 6. Bd3 Nc6 7. Ne2 cxd4
8. cxd4 a5 9. f4 h5 10. Nf3 g6 11. O-O a4 12. g3 Nb6 13. Nc3 Bd7 14. h3 a3
15. b3 Nb4 16. Bb1 Rc8 17. Bd2 Na8 18. Qe2 Qb6 19. Qe3 Nc7 20. g4 hxg4 21. hxg4
Nb5 22. Rc1 Rh3 23. Nxb5 Rxc1+ 24. Bxc1 Bxb5 25. Kg2 Rxf3 26. Kxf3 Nc6 27. Bd3
Nxd4+ 28. Kg2 Bc6 29. Qf2 Bc5 30. Be3 Nxb3 31. Bxc5 Nxc5 32. Rb1 d4+ 33. Kg1
Qd8 34. Bb5 Bxb5 35. Rxb5 b6 0-1

[Event "Eurathlon, Men's section"]
[Site "Athens"]
[Date "1997.11.22"]
[Round "7"]
[White "Vaisser, Anatoly"]
[Black "Geenen, Marc"]
[Result "1-0"]
[WhiteElo "2575"]
[BlackElo "2325"]
[WhiteTitle "GM"]
[BlackTitle "FM"]
[Source "chess.gr"]

1. d4 d5 2. c4 e6 3. Nc3 c6 4. e4 dxe4 5. Nxe4 Bb4+ 6. Bd2 Qxd4 7. Bxb4 Qxe4+
8. Be2 Qxg2 9. Bf3 Qg5 10. Ne2 Na6 11. Bc3 Nf6 12. Rg1 Qf5 13. Nd4 Qe5+ 14. Kf1
O-O 15. Nxc6 Qf4 16. Be5 Qxc4+ 17. Be2 Qh4 18. Ne7+ Kh8 19. Qd6 Bd7 20. Qxd7
Nc5 21. Qd4 Qxd4 22. Bxd4 Ncd7 23. Rc1 Rfe8 24. Bxf6 gxf6 25. Rc7 Rxe7 26. Bb5
a6 27. Rxd7 Rxd7 28. Bxd7 1-0

[Event "Eurathlon, Men's section"]
[Site "Athens"]
[Date "1997.11.22"]
[Round "8"]
[White "Geenen, Marc"]
[Black "Turner, Matthew"]
[Result "0-1"]
[WhiteElo "2325"]
[BlackElo "2445"]
[WhiteTitle "FM"]
[BlackTitle "IM"]
[Source "chess.gr"]

1. e4 c5 2. Nf3 Nc6 3. d4 cxd4 4. Nxd4 g6 5. Nc3 Bg7 6. Be3 Nf6 7. Bc4 O-O
8. Bb3 a5 9. a4 Ng4 10. Nxc6 Nxe3 11. Nxe7+ Qxe7 12. fxe3 Bxc3+ 13. bxc3 Qh4+
14. g3 Qxe4 15. Kf2 Ra6 16. Qd4 d5 17. Rhd1 Be6 18. Rab1 Rc8 19. Rd2 Qf5+
20. Kg1 Rac6 21. Rf2 Qg5 22. e4 dxe4 23. Bxe6 Rxe6 24. Rxf7 Kxf7 25. Qd7+ Re7
26. Rf1+ Kg7 27. Qxc8 Qe3+ 28. Kh1 Rf7 29. Rxf7+ Kxf7 30. Qxb7+ Kf6 31. Qc6+
Kg5 32. Qd5+ Kg4 33. c4 Qc1+ 34. Kg2 Qxc2+ 35. Kg1 e3 36. Qd4+ Kf3 37. Qf4+ Ke2
38. Kg2 Kd1+ 39. Kh3 Qf5+ 40. Qxf5 gxf5 0-1

[Event "Eurathlon, Men's section"]
[Site "Athens"]
[Date "1997.11.22"]
[Round "10"]
[White "Geenen, Marc"]
[Black "van den Doel, Erik"]
[Result "0-1"]
[WhiteElo "2325"]
[BlackElo "2440"]
[WhiteTitle "FM"]
[BlackTitle "IM"]
[Source "chess.gr"]

1. e4 c5 2. Nf3 d6 3. d4 cxd4 4. Nxd4 Nf6 5. Nc3 a6 6. f4 Nbd7 7. Nf3 e5 8. a4
Be7 9. Bd3 O-O 10. O-O Nc5 11. Kh1 exf4 12. Bxf4 Bg4 13. Qe1 Re8 14. Qg3 Bh5
15. Nd4 Bg6 16. Nf5 Bxf5 17. exf5 Nh5 18. Qf3 Nxf4 19. Qxf4 Bf6 20. Nd5 Bxb2
21. Rab1 Bf6 22. Rb6 Re5 23. Nxf6+ Qxf6 24. g4 Rae8 25. g5 Qd8 26. Rbb1 Qd7
27. f6 Ne6 28. Bxh7+ Kxh7 29. Qh4+ Kg8 30. g6 Qc6+ 0-1

[Event "Eurathlon, Men's section"]
[Site "Athens"]
[Date "1997.11.23"]
[Round "11"]
[White "Grivas, Efstratios"]
[Black "Geenen, Marc"]
[Result "1-0"]
[WhiteElo "2465"]
[BlackElo "2325"]
[WhiteTitle "GM"]
[BlackTitle "FM"]
[Source "chess.gr"]

1. c4 e5 2. Nc3 Nf6 3. g3 c6 4. d4 exd4 5. Qxd4 d5 6. Nf3 c5 7. Qe3+ Be7
8. cxd5 Nxd5 9. Nxd5 Qxd5 10. Bg2 Nc6 11. O-O O-O 12. Bd2 Qh5 13. Rfd1 Bh3
14. Bh1 Bf6 15. Qb3 b6 16. Bc3 Bxc3 17. Qxc3 Rad8 18. a3 Nd4 19. Nxd4 cxd4
20. Qd3 h6 21. Bf3 Bg4 22. Bxg4 Qxg4 23. Rd2 Rfe8 24. Kg2 Re5 25. Qf3 Qe6
26. Rad1 Rf5 27. Qb7 Rh5 28. h4 Rd7 29. Qa8+ Kh7 30. Rxd4 Rxd4 31. Rxd4 Qxe2
32. Rf4 Qxb2 33. Rxf7 Qxa3 34. Qe4+ Kg8 35. Qg6 Qc3 36. Qxh5 a5 37. Re7 Qc4
38. Re8+ Kh7 39. Qf5+ 1-0

[Event "Eurathlon, Men's section"]
[Site "Athens"]
[Date "1997.11.23"]
[Round "12"]
[White "Ribeiro, Fernando"]
[Black "Geenen, Marc"]
[Result "1-0"]
[WhiteElo "2340"]
[BlackElo "2325"]
[WhiteTitle "FM"]
[BlackTitle "FM"]
[Source "chess.gr"]

1. e4 e5 2. Nf3 Nc6 3. Bc4 Bc5 4. O-O d6 5. c3 Bg4 6. h3 Bh5 7. d3 Nge7 8. b4
Bb6 9. a4 a6 10. Be3 Bxe3 11. fxe3 d5 12. exd5 Nxd5 13. Qe1 O-O 14. Ra2 Nb6
15. Qg3 Nxc4 16. dxc4 f6 17. Rd2 Qe7 18. Nh4 Kh8 19. Rdf2 a5 20. b5 Nd8 21. Nd2
Ne6 22. Ne4 Rad8 23. Nf5 Qf7 24. Qh4 Bd1 25. Ned6 cxd6 26. Rxd1 Qc7 27. Rfd2
Nc5 28. Nxd6 Rd7 29. Rd5 Kg8 30. Qg4 Rfd8 31. Ne8 Rxd5 32. Nxf6+ Kh8 33. Nxd5
Qd7 34. Qg5 1-0

[Event "Eurathlon, Men's section"]
[Site "Athens"]
[Date "1997.11.23"]
[Round "13"]
[White "Geenen, Marc"]
[Black "Arlandi, Ennio"]
[Result "0-1"]
[WhiteElo "2325"]
[BlackElo "2470"]
[WhiteTitle "FM"]
[BlackTitle "GM"]
[Source "chess.gr"]

1. e4 c6 2. d4 d5 3. f3 e6 4. Nc3 Bb4 5. Bf4 Ne7 6. Qd3 b6 7. Ne2 a5 8. a3 Ba6
9. Qe3 Bd6 10. Ng3 Bxf1 11. Rxf1 Bxf4 12. Qxf4 Ng6 13. Qe3 O-O 14. O-O-O b5
15. e5 Nh4 16. Rf2 Nd7 17. f4 g6 18. Nge2 Nb6 19. b3 b4 20. axb4 axb4 21. Nb1
Ra1 22. g4 Qa8 23. Kd2 Qa2 24. Rff1 c5 25. dxc5 d4 26. Nxd4 Nd5 27. Qg3 g5
28. f5 Rd8 29. Ke2 Rxb1 30. Rxb1 Nc3+ 31. Qxc3 bxc3 32. Ra1 Qb2 33. Rfb1 Rxd4
34. Rxb2 Rd2+ 35. Ke3 Ng2+ 0-1

[Event "Eurathlon, Women's section"]
[Site "Athens"]
[Date "1997.11.21"]
[Round "4"]
[White "Carvalho, Alda"]
[Black "Mičić, Snezana"]
[Result "0-1"]
[WhiteElo "2130"]
[BlackElo "2210"]
[BlackTitle "WFM"]
[Source "chess.gr"]

1.e4 c5 2.g3 Nc6 3.Bg2 e6 4.f4 d6 5.Nf3 Qc7 6.O-O a6 7.d3 b5 8.Be3 Bb7 9.Qd2 Nf6 
10.h3 Rc8 11.Nc3 Be7 12.g4 h6 13.Qf2 Nd7 14.f5 Nde5 15.fxe6 fxe6 16.Nxe5 Nxe5 
17.Bf4 Bf6 18.Qg3 Qe7 19.Ne2 O-O 20.c3 Rfd8 21.Rad1 c4 22.d4 Bh4 23.Qe3 Nd3 
24.Qd2 Nxf4 25.Nxf4 Bg5 26.Qe2 Bxf4 27.Rxf4 e5 28.Rf5 Re8 29.dxe5 dxe5 30.Rdf1 Qc5+ 
31.Kh1 Rf8 32.Qe1 Rxf5 33.Rxf5 Rd8 34.Qg3 Rd1+ 35.Rf1 Rxf1+ 36.Bxf1 Bxe4+ 37.Bg2 Qd5 
38.Bxe4 Qxe4+ 39.Kg1 Qf4 40.Qh4 e4 41.Qd8+ Kh7 42.Qb6 e3 43.Qe6 Qg3+ 0-1

[Event "Eurathlon, Women's section"]
[Site "Athens"]
[Date "1997.11.21"]
[Round "5"]
[White "Mičić, Snezana"]
[Black "Jahn, Constanze"]
[Result "1-0"]
[WhiteElo "2210"]
[BlackElo "2180"]
[WhiteTitle "WFM"]
[BlackTitle "WIM"]
[Source "chess.gr"]

1.e4 c5 2.Nf3 e6 3.d4 cxd4 4.Nxd4 a6 5.Bd3 Nc6 6.Nxc6 dxc6 7.O-O e5 8.a4 Bd6 
9.Bc4 Ne7 10.Be3 Ng6 11.g3 Bh3 12.Re1 Qf6 13.Qh5 Nf4 14.Bxf4 exf4 15.e5 Qe7 16.Qxh3 fxg3 17.hxg3 1-0

[Event "Eurathlon, Women's section"]
[Site "Athens"]
[Date "1997.11.22"]
[Round "9"]
[White "Mičić, Snezana"]
[Black "Makropoulou, Marina"]
[Result "1/2-1/2"]
[WhiteElo "2210"]
[BlackElo "2290"]
[WhiteTitle "WFM"]
[BlackTitle "WGM"]
[Source "chess.gr"]

1.e4 e5 2.Nf3 Nc6 3.Bc4 Bc5 4.c3 Nf6 5.d3 d6 6.O-O a6 7.Bb3 Ba7 8.Re1 O-O 9.Nbd2 Ng4
 10.Re2 Kh8 11.h3 Nh6 12.Nf1 f5 13.N1h2 f4 14.d4 Qf6 15.Rd2 g5 16.de5 de5 17.Ne1 Na5
 18.Bd5 c6 19.Bb3 Nb3 20.ab3 Be6 21.c4 Rg8 22.Rd6 Bc5 23.Rd3 g4 24.hg4 Ng4 25.Ng4 Bg4
 26.Qc2 Qg6 27.Ra5 Bb4 28.Re5 Be1 29.Kf1 Qf6 30.Rc5 Bb4 31.Bd2 Bd2 32.Qd2 f3 33.gf3 Bf3
1/2-1/2

[Event "Eurathlon, Women's section"]
[Site "Athens"]
[Date "1997.11.22"]
[Round "10"]
[White "Berend, Elvira"]
[Black "Mičić, Snezana"]
[Result "1/2-1/2"]
[WhiteElo "2290"]
[BlackElo "2210"]
[WhiteTitle "WGM"]
[BlackTitle "WFM"]
[Source "chess.gr"]

1.e4 c5 2.Nf3 Nc6 3.d3 d5 4.Nbd2 Bg4 5.Be2 e6 6.O-O Nf6 7.ed5 ed5 8.h3 Bh5 9.Nh4 Be2
 10.Qe2 Qe7 11.Qd1 O-O-O 12.c3 Qd7 13.Nb3 h6 14.Qf3 Ne5 15.Qf5 Qf5 16.Nf5 g6 17.Ng3 
Nd3 18.Be3 b6 19.Rab1 Bd6 20.Nc1 Nc1 21.Rbc1 Ne4 22.Ne2 f5 23.Rcd1 Nf6 24.Bf4 g5 25.Bd6 
Rd6 26.Rd2 f4 27.Rfd1 Re8 28.Kf1 Rde6 29.Nc1 Kc7 30.Rd3 Re5 31.g3 fg3 32.Rg3 Rf5 33.Kg1
 Nh5 34.Re3 Re3 35.fe3 Ng3 36.Kg2 Ne4 37.Rf1 Rf1 38.Kf1 Kd6 39.Kg2 h5 40.Nd3 Ke6 41.Kf3
 Kf5 42.Kg2 1/2-1/2

[Event "Eurathlon, Women's section"]
[Site "Athens"]
[Date "1997.11.23"]
[Round "11"]
[White "Mičić, Snezana"]
[Black "Riegler, Alessandra"]
[Result "1-0"]
[WhiteElo "2210"]
[BlackElo "2030"]
[WhiteTitle "WFM"]
[Source "chess.gr"]

1.e4 c5 2.Nf3 d6 3.d4 cd4 4.Nd4 Nf6 5.Nc3 g6 6.Be2 Bg7 7.O-O O-O 8.Bg5 Nbd7 9.Qd2 Nc5
 10.f3 Qb6 11.Be3 Qb2 12.Ncb5 a6 13.Rfb1 Qb1 14.Rb1 ab5 15.c3 Bd7 16.Nb5 Be6 17.c4 Rfc8
 18.Nd4 Bd7 19.g4 Bc6 20.Nc6 bc6 21.e5 Nfd7 22.ed6 ed6 23.Bd1 1-0